000 00664nam a22002417a 4500
001 1531
003 CO-MdFUSB
005 20190202100347.0
008 170420t1895 xxu||||| |||| 00| 0 eng d
040 _aCO-MdFUSB
_bspa
_cCO-MdFUSB
_dCO-MdFUSBC
_erda
041 0 _aeng
082 0 4 _aG 211 F623t
100 1 _aFlint, Robert (1838–1910)
_eautor
245 0 _aTheism being the Baird lecture for 1876
_c / Robert Flint
250 _a7
264 4 _aNew York, N.Y., USA :
_bCh. Scribner's Sons,
_c©1895
300 _a447 Pag.
336 _2rdacontent
_a1
_ba1
337 _2rdamedia
_a2
_b5
338 _2rdacarrier
_a2
_b5
650 7 _aDios
_2
_9178
942 _cBK
999 _c32850
_d32850